00689 2200229 4500001002100000005001500021035002000036007000300056008004100059020001800100082001000118084001500128100005100143245011500194260004200309300003000351650001200381700002100393700002100414990001200435990001200447INLIS00000000000263720190102084700 a0010-1218000196ta190102 g 1 ind  a9786023948826 a398.2 a398.2 DON0 aDONGENG, Animasi 3D: Pangeran dan Enam Nelayan1 aDongeng Animasi 3D: Pangeran dan Enam Pelayan /cpengalih bahasa, Rosalin Nisrina; penyunting, Eunike Septiana aJakarta :bBhuana Ilmu Populer,c2017 a54 hlm. :bilus. ;c20 cm aDONGENG0 aROSALIN, Nisrina0 aEUNIKE, Septiana a16882 a a16882 b